[Event "Soukhumi op"]
[Site "Soukhumi"]
[Date "2007.08.10"]
[Round "7"]
[White "Demianjuk, Alexander"]
[Black "Gajsin, Evgenij"]
[Result "1-0"]
[WhiteElo "2302"]
[BlackElo "2436"]
[PlyCount "83"]
[EventDate "2007.08.03"]
[EventType "swiss"]
[EventRounds "9"]
[EventCountry "RUS"]
[SourceTitle "EXT 2009"]
[Source "ChessBase"]
[SourceDate "2008.11.26"]
[SourceVersion "1"]
[SourceVersionDate "2008.11.26"]
[SourceQuality "1"]

1. e4 c5 2. Nf3 d6 3. d4 cxd4 4. Nxd4 Nf6 5. Nc3 a6 6. Be3 e5 7. Nb3 Be6 8. f3 Be7 9. Qd2 0-0 10. 0-0-0 Qc7 11. g4 Rc8 12. Kb1 b5 13. Nd5 Nxd5 14. exd5 Bd7 15. Be2 a5 16. f4 a4 17. Nc1 a3 18. b3 Na6 19. Nd3 b4 20. f5 Qc3 21. Qxc3 bxc3 22. Bf3 Bd8 23. Be4 Bb5 24. Rhg1 Bxd3 25. Bxd3 Nb4 26. Be4 h6 27. g5 hxg5 28. h4 g4 29. Rxg4 Kf8 30. Bf3 Rcb8 31. Rc4 Ba5 32. Bc1 Bd8 33. h5 Ba5 34. h6 Ke7 35. h7 Rh8 36. Rh1 Na6 37. Rg4 Nc7 38. Rxg7 Kf6 39. Rg5 e4 40. Rh6+ Ke5 41. f6+ Kd4 42. Bxe4 1-0

[Event "RUS-ch sf Urals 60th"]
[Site "Nizhnij Tagil"]
[Date "2007.03.22"]
[Round "9"]
[White "Kalmachevskikh, Viktor"]
[Black "Gajsin, Evgenij"]
[Result "0-1"]
[WhiteElo "2333"]
[BlackElo "2456"]
[PlyCount "72"]
[EventDate "2007.03.14"]
[EventType "swiss"]
[EventRounds "9"]
[EventCountry "RUS"]
[SourceTitle "CBM 117 Extra"]
[Source "ChessBase"]
[SourceDate "2007.05.09"]
[SourceVersion "1"]
[SourceVersionDate "2007.05.09"]
[SourceQuality "1"]

1. d4 Nf6 2. Bg5 c5 3. d5 Qb6 4. Nc3 Qxb2 5. Bd2 Qb6 6. e4 e5 7. f4 d6 8. fxe5 dxe5 9. Nf3 Nbd7 10. Rb1 Qc7 11. Bc4 a6 12. a4 Be7 13. 0-0 0-0 14. Qe1 Ne8 15. Qg3 Bf6 16. Nh4 Nd6 17. Bh6 g6 18. Bxf8 Kxf8 19. Be2 Bg7 20. Nf3 Kg8 21. Rf2 Nf6 22. Nd2 Bd7 23. Rbf1 Nfe8 24. Nf3 f6 25. h4 b5 26. axb5 axb5 27. h5 b4 28. hxg6 bxc3 29. gxh7+ Kxh7 30. Nh4 Qd8 31. Bh5 Kg8 32. Ng6 Nxe4 33. Qe3 Nxf2 34. Rxf2 Nd6 35. Qxc5 Ne4 36. Ne7+ Kh8 0-1

[Event "RUS-ch sf Urals 60th"]
[Site "Nizhnij Tagil"]
[Date "2007.03.18"]
[Round "5"]
[White "Kuznetsov, Vadim"]
[Black "Gajsin, Evgenij"]
[Result "1-0"]
[WhiteElo "2224"]
[BlackElo "2456"]
[PlyCount "85"]
[EventDate "2007.03.14"]
[EventType "swiss"]
[EventRounds "9"]
[EventCountry "RUS"]
[SourceTitle "CBM 117 Extra"]
[Source "ChessBase"]
[SourceDate "2007.05.09"]
[SourceVersion "1"]
[SourceVersionDate "2007.05.09"]
[SourceQuality "1"]

1. d4 Nf6 2. Nf3 g6 3. c3 Bg7 4. Bf4 d6 5. h3 0-0 6. e3 b6 7. Be2 Bb7 8. 0-0 Nbd7 9. Nbd2 e6 10. Bh2 Qe7 11. Qc2 Nh5 12. Ne1 f5 13. f4 e5 14. Bf3 e4 15. Be2 Nhf6 16. g3 c5 17. Ng2 Rfc8 18. dxc5 bxc5 19. Rad1 d5 20. g4 fxg4 21. hxg4 c4 22. b3 Nc5 23. bxc4 Kh8 24. g5 Nfd7 25. cxd5 Bxd5 26. c4 Bc6 27. Nb3 Nxb3 28. axb3 Nc5 29. Bg3 a5 30. Be1 Rcb8 31. Rb1 Rxb3 32. Rxb3 Ba4 33. Qa2 Bxb3 34. Qa3 a4 35. Bb4 Rc8 36. f5 Be5 37. f6 Qd6 38. Nf4 Kg8 39. Bg4 Rc7 40. f7+ Rxf7 41. Bxc5 Qd8 42. Be6 Qxg5+ 43. Ng2 1-0

[Event "Champions Challenge 189th"]
[Site "Playchess.com INT"]
[Date "2007.03.10"]
[Round "1.2"]
[White "Samsonkin, Artiom"]
[Black "Gajsin, Evgenij"]
[Result "1-0"]
[WhiteElo "2482"]
[BlackElo "2456"]
[PlyCount "83"]
[EventDate "2007.03.10"]
[EventType "k.o. (blitz)"]
[EventRounds "5"]
[EventCountry "GER"]
[SourceTitle "CBM 117 Extra"]
[Source "ChessBase"]
[SourceDate "2007.05.09"]
[SourceVersion "1"]
[SourceVersionDate "2007.05.09"]
[SourceQuality "1"]

1. e4 c5 2. Nf3 d6 3. d4 cxd4 4. Nxd4 Nf6 5. Nc3 a6 6. Bg5 e6 7. f4 Qb6 8. Qd2 Qxb2 9. Nb3 Qa3 10. Bxf6 gxf6 11. Be2 Nc6 12. 0-0 Bd7 13. Bh5 Rc8 14. f5 e5 15. Nd5 Be7 16. Rad1 Rg8 17. Qh6 Nd8 18. Qxh7 Kf8 19. Nxe7 Kxe7 20. Qxg8 Rxc2 21. Qg3 Qxa2 22. Nc1 Qb2 23. Nd3 Qd4+ 24. Kh1 Qxe4 25. Nf2 Qb4 26. Ng4 Bc6 27. Ne3 Rc3 28. Rc1 Rb3 29. Bd1 Ra3 30. Qe1 Qe4 31. Rc3 Ra2 32. Bf3 Qd4 33. Rc4 Qb2 34. Rc2 Qb3 35. Rxa2 Qxa2 36. Qb1 Qd2 37. Bxc6 bxc6 38. Ng4 d5 39. h3 Qg5 40. Qb8 e4 41. Qc7+ Ke8 42. Qd6 1-0

[Event "Champions Challenge 180th"]
[Site "Playchess.com INT"]
[Date "2007.01.13"]
[Round "3.1"]
[White "Gajsin, Evgenij"]
[Black "Panarin, Mikhail"]
[Result "0-1"]
[WhiteElo "2456"]
[BlackElo "2526"]
[PlyCount "82"]
[EventDate "2007.01.13"]
[EventType "k.o. (blitz)"]
[EventRounds "4"]
[EventCountry "GER"]
[SourceTitle "EXT 2008"]
[Source "ChessBase"]
[SourceDate "2007.11.25"]
[SourceVersion "1"]
[SourceVersionDate "2007.11.25"]
[SourceQuality "1"]

1. e4 c6 2. d4 d5 3. Nd2 dxe4 4. Nxe4 Bf5 5. Ng3 Bg6 6. h4 h6 7. Nf3 Nd7 8. h5 Bh7 9. Bd3 Bxd3 10. Qxd3 e6 11. Bd2 Qc7 12. 0-0-0 0-0-0 13. Ne4 Ngf6 14. g3 Be7 15. c4 c5 16. d5 Nxe4 17. Qxe4 Nf6 18. Qc2 exd5 19. cxd5 Rxd5 20. Bf4 Qd7 21. Ne5 Qe6 22. Rhe1 Rxd1+ 23. Qxd1 Qxa2 24. Qe2 Bd6 25. Nc4 Bxf4+ 26. gxf4 Rd8 27. Qc2 Qa1+ 28. Qb1 Qxb1+ 29. Kxb1 Rd4 30. b3 Nxh5 31. Re8+ Kc7 32. Re5 Nxf4 33. Rxc5+ Kd7 34. Ne5+ Ke6 35. Nc4 Rd1+ 36. Kc2 Rf1 37. Rc7 Rxf2+ 38. Kd1 b5 39. Na3 h5 40. Nxb5 h4 41. Nd4+ Kf6 0-1

[Event "Champions Challenge 180th"]
[Site "Playchess.com INT"]
[Date "2007.01.13"]
[Round "2.1"]
[White "Popovic, Dusan"]
[Black "Gajsin, Evgenij"]
[Result "0-1"]
[WhiteElo "2557"]
[BlackElo "2456"]
[PlyCount "58"]
[EventDate "2007.01.13"]
[EventType "k.o. (blitz)"]
[EventRounds "4"]
[EventCountry "GER"]
[SourceTitle "EXT 2008"]
[Source "ChessBase"]
[SourceDate "2007.11.25"]
[SourceVersion "1"]
[SourceVersionDate "2007.11.25"]
[SourceQuality "1"]

1. e4 c5 2. Nf3 d6 3. d4 cxd4 4. Nxd4 Nf6 5. Nc3 a6 6. Be2 e6 7. Be3 Be7 8. f4 Nc6 9. Qd2 Qc7 10. 0-0-0 Nxd4 11. Bxd4 b5 12. Bf3 Bb7 13. a3 0-0 14. g4 d5 15. exd5 b4 16. axb4 exd5 17. Bxf6 Bxf6 18. Nxd5 Bxd5 19. Bxd5 Rac8 20. g5 Be7 21. Kb1 Rfd8 22. c4 Rb8 23. f5 Bxb4 24. Qc2 Ba3 25. b3 a5 26. Ka2 a4 27. Kxa3 axb3 28. Qc3 Qa7+ 29. Kb2 Qa2+ 0-1

[Event "Champions Challenge 178th"]
[Site "Playchess.com INT"]
[Date "2006.12.23"]
[Round "1.2"]
[White "Akhayan, Ruben"]
[Black "Gajsin, Evgenij"]
[Result "0-1"]
[WhiteElo "2256"]
[BlackElo "2456"]
[PlyCount "124"]
[EventDate "2006.12.23"]
[EventType "k.o. (blitz)"]
[EventRounds "6"]
[EventCountry "GER"]
[SourceTitle "EXT 2008"]
[Source "ChessBase"]
[SourceDate "2007.11.25"]
[SourceVersion "1"]
[SourceVersionDate "2007.11.25"]
[SourceQuality "1"]

1. e4 c5 2. Nf3 d6 3. d4 cxd4 4. Nxd4 Nf6 5. Nc3 a6 6. Bc4 e6 7. Bb3 b5 8. 0-0 Be7 9. f4 Bb7 10. e5 dxe5 11. fxe5 Bc5 12. Be3 Nc6 13. exf6 Bxd4 14. fxg7 Bxe3+ 15. Kh1 Rg8 16. Bxe6 Qxd1 17. Bxf7+ Ke7 18. Raxd1 Rxg7 19. Nd5+ Kd6 20. Nxe3+ Kc5 21. Bd5 Rd8 22. Bf3 Rxd1 23. Rxd1 Re7 24. Ng4 Bc8 25. h3 h5 26. Rd5+ Kb6 27. Rd6 hxg4 28. Rxc6+ Ka5 29. Bxg4 Bb7 30. Re6 Rf7 31. Re2 Kb4 32. Bf3 Bxf3 33. gxf3 Rxf3 34. Kg2 Rf8 35. Re3 a5 36. h4 Rh8 37. Kh3 a4 38. Re4+ Kc5 39. Re5+ Kc4 40. h5 b4 41. Kh4 a3 42. bxa3 bxa3 43. Re3 Kb4 44. Rb3+ Ka4 45. Rb6 Rc8 46. Ra6+ Kb4 47. h6 Rxc2 48. Kh5 Rxa2 49. Rg6 Rh2+ 50. Kg5 Rg2+ 51. Kf6 Rxg6+ 52. Kxg6 a2 53. Kg7 a1Q+ 54. Kg8 Qg1+ 55. Kh8 Qd4+ 56. Kg8 Qg4+ 57. Kh8 Qc8+ 58. Kg7 Qd7+ 59. Kg8 Qe6+ 60. Kg7 Qe7+ 61. Kg8 Qg5+ 62. Kh7 Kc5 0-1

[Event "Polyarniy Krug op"]
[Site "Salekhard"]
[Date "2006.12.04"]
[Round "6"]
[White "Savitskaya, Natalya"]
[Black "Gajsin, Evgenij"]
[Result "1/2-1/2"]
[WhiteElo "1932"]
[BlackElo "2456"]
[PlyCount "119"]
[EventDate "2006.11.29"]
[EventType "swiss"]
[EventRounds "9"]
[EventCountry "RUS"]
[SourceTitle "CBM 115 Extra"]
[Source "ChessBase"]
[SourceDate "2007.01.10"]
[SourceVersion "1"]
[SourceVersionDate "2007.01.10"]
[SourceQuality "1"]

1. e4 c5 2. Nf3 d6 3. d4 cxd4 4. Nxd4 Nf6 5. Nc3 a6 6. Be3 e6 7. g4 Nc6 8. g5 Nd7 9. h4 Qc7 10. Qd2 Nde5 11. Be2 b5 12. f4 Nxd4 13. Bxd4 Nc4 14. Bxc4 Qxc4 15. Qd3 Qxd3 16. cxd3 h5 17. Kd2 Rg8 18. Rac1 Be7 19. Rhg1 Bd8 20. Ne2 Bb7 21. Ng3 g6 22. f5 gxf5 23. exf5 e5 24. Be3 Bf3 25. d4 Kd7 26. dxe5 dxe5 27. Bc5 e4 28. Ke3 Re8 29. Rc2 Rc8 30. b4 Bc7 31. Ne2 Re5 32. Rd2+ Ke8 33. g6 fxg6 34. fxg6 Bg4 35. g7 Kf7 36. Rxg4 hxg4 37. Rd7+ Kg8 38. Nf4 g3 39. Ng6 g2 40. Kf2 e3+ 41. Kxg2 e2 42. Ne7+ Kh7 43. Bf2 Bb6 44. Be1 Re8 45. g8Q+ Rxg8+ 46. Nxg8+ Kxg8 47. Kf3 Re3+ 48. Kf4 Ra3 49. Re7 Rxa2 50. Kf3 Kf8 51. Rxe2 Ra3+ 52. Ke4 Ke7 53. Kd5+ Kd7 54. Bd2 Rd3+ 55. Ke5 Bc7+ 56. Kf5 Rf3+ 57. Kg6 Rg3+ 58. Kf5 Rh3 59. Kg4 Rg3+ 60. Kf5 1/2-1/2